US Cities by Clue - Statistics

General Stats
  • This quiz has been taken 93 times
    81 since last reset
  • The average score is 8 of 16
Answer Stats
Clue City % Correct
1996 Summer Olympic host city Atlanta
86%
Capital of Florida Tallahassee
83%
Location of the Alamo San Antonio
77%
Pennsylvania city, named after the Great Lake where it lies Erie
76%
State capital named after a Civil War president Lincoln
71%
"I Left My Heart In ___ _________" San Francisco
69%
Large midwestern city that declared bankruptcy Detroit
66%
Home of the NFL Bills Buffalo
64%
Location of Harvard Cambridge
59%
Largest city of Vermont Burlington
46%
State capital with highest elevation Santa Fe
33%
"Hound Dog" singers home town Tupelo
27%
A 21-mile beach city on the Pacific Malibu
24%
Walmart headquarters Bentonville
20%
Richard Nixon birthplace Yorba Linda
16%
Small Hawaiin village known for being a quarantine of Leprosy sufferers Kalaupapa
3%
No matching quizzes found
Score Distribution
Percent of People with Each Score
Percentile by Number Answered
Your Score History
You have not taken this quiz since the last reset